000 01192pam a2200337 a 4500
001 597042
003 OSt
005 20230620133147.0
008 910219s1992 enk b 001 0 eng
010 _a 91010688
020 _a041501204X
020 _a0415012058 (pbk.)
040 _aDLC
_cDLC
_dDLC
050 0 0 _aJF1001
_b.R38 1992
082 0 0 _a324.6
_220
_bREE
100 1 _aReeve, Andrew.
245 1 0 _aElectoral systems :
_ba comparative and theoretical introduction /
_cAndrew Reeve and Alan Ware.
260 _aLondon ;
_aNew York :
_bRoutledge,
_c1992.
300 _avi, 190 p. ;
_c23 cm.
440 0 _aTheory and practice in British politics
504 _aIncludes bibliographical references (p. 181-184) and index.
650 0 _aElections.
650 0 _aVoting.
650 0 _aDemocracy.
650 0 _aRepresentative government and representation.
700 1 _aWare, Alan.
856 4 2 _3Publisher description
_uhttp://www.loc.gov/catdir/enhancements/fy0648/91010688-d.html
906 _a7
_bcbc
_corignew
_d1
_eocip
_f19
_gy-gencatlg
942 _2ddc
_cBK
999 _c1731
_d1731